عرض عادي
عرض مارك
- Hamblen, David L.
مدخل إسم شخص
001 - رقم الضبط
- حقل الضبط: 16205
003 - معرف رقم الضبط
- حقل الضبط: OSt
005 - تاريخ ووقت أخر عملية
- حقل الضبط: 20120623154445.0
008 - عناصر بيانات ثابتة الطول
- حقل تحكم ثابت الطول: 120623|||a|||||| | ||| d
040 ## - مصدر الفهرسة
- هيئة الفهرسة الأصلية: OSt
- وكالة الكتابة: OSt
100 ## - مدخل -- أسم شخص
- إسم شخص: Hamblen, David L.
670 ## - بيانات المصدر موجوده
- الاستشهاد بالمصدر: Work cat.: (OSt)0: Hamblen, David L., Adams's outline of orthopaedics /, 2010.
